00483nam a2200181Ia 450000500170000000800410001702000180005804000190007604100120009508200150010710000170012224500630013926000300020230000170023265000180024965100240026785000100029120230609120749.0131103s9999 xx 000 0 und d a0-74900-090-2 aLoreto College aEnglish a808.2bGAT aGater, Dilys aHow to write a playb for the amature stage cDilys Gater aLondonbW. H. Allenc1990 aviii,117 p.  aLiterature -  aRhetoric - Drama -  aLCLIB